| 000 | 01142nam a22003737a 4500 | ||
|---|---|---|---|
| 003 | CHAP | ||
| 005 | 20220817044154.0 | ||
| 008 | 070619d2006 it rn 00110 eng d | ||
| 010 | _a93762 | ||
| 011 | _a94734 | ||
| 020 | _a9789251055960 | ||
| 035 | _a105330 | ||
| 040 | _cCHAP | ||
| 082 | 0 | 4 |
_a641 _bF3 v.86 |
| 110 | 2 | _aFAO | |
| 245 | 1 | 0 |
_aFAO/WHO guidance to governments on the application of HACCP in small and/or less-developed food businesses _c/by FAO |
| 260 |
_aRome : _bFAO, _c2006. |
||
| 300 | _a86 p. | ||
| 410 | 2 | 0 | _aFAO |
| 490 | 0 |
_aAlimentación y nutrición _v; 86 |
|
| 590 |
_aBATCH-UPD _b10 _c20130110 _lUCH01 _h0844 |
||
| 590 |
_aBATCH-UPD _b10 _c20130410 _lUCH01 _h0518 |
||
| 590 |
_aBATCH-UPD _b10 _c20130914 _lUCH01 _h0213 |
||
| 590 |
_aCONVERSION _b10 _c20130109 _lUCH01 _h1352 |
||
| 650 | 1 | 4 |
_aAlimentos _xAbastecimiento. |
| 650 | 1 | 4 |
_aInocuidad alimentaria. _958836 |
| 650 | 1 | 4 |
_aPolítica alimentaria. _990389 |
| 810 | 0 | _aFAO | |
| 830 | 0 | 0 |
_aAlimentacion y nutricion _v; 86 _94112 |
| 901 | _aBK | ||
| 905 | _aLilia | ||
| 942 | _cLIBRO | ||
| 949 |
_a641 F3 v.86 _bBC _cFAO _d33724002022975 _eFAO1 _h108689 _i105330 _si |
||
| 999 |
_c93762 _d93762 |
||